The changing aspects of Japan's foreign trade structure
Guardat en:
| Format: | Llibre |
|---|---|
| Idioma: | Undetermined |
| Publicat: |
Tokyo
The Kyowa Bank, Ltd.
1972
|
| Matèries: | |
| Etiquetes: |
Afegir etiqueta
Sense etiquetes, Sigues el primer a etiquetar aquest registre!
|
| Thư viện lưu trữ: | Trung tâm Học liệu Trường Đại học Cần Thơ |
|---|
| LEADER | 00429nam a2200157Ia 4500 | ||
|---|---|---|---|
| 001 | CTU_79356 | ||
| 008 | 210402s9999 xx 000 0 und d | ||
| 082 | |a 382 | ||
| 082 | |b C456 | ||
| 245 | 4 | |a The changing aspects of Japan's foreign trade structure | |
| 260 | |a Tokyo | ||
| 260 | |b The Kyowa Bank, Ltd. | ||
| 260 | |c 1972 | ||
| 650 | |a Foreign trade | ||
| 650 | |z Japan | ||
| 980 | |a Trung tâm Học liệu Trường Đại học Cần Thơ | ||